Building code requirements for structural concrete (ACI 318-02) and commentary an ACI standard (Record no. 553603)

000 -LEADER
fixed length control field 00626nam a22001457a 4500
082 ## - DEWEY DECIMAL CLASSIFICATION NUMBER
Classification number 693.5021873
-- ACI
100 ## - MAIN ENTRY--PERSONAL NAME
Personal name ACI Committee 318.
9 (RLIN) 50873
245 ## - TITLE STATEMENT
Title Building code requirements for structural concrete (ACI 318-02) and commentary an ACI standard
Remainder of title reported by ACI Committee 318.
260 ## - PUBLICATION, DISTRIBUTION, ETC.
Place of publication, distribution, etc. Farmington Hills, Mich. :
Name of publisher, distributor, etc. American Concrete Institute,
Date of publication, distribution, etc. 2008.
300 ## - PHYSICAL DESCRIPTION
Extent 467 p. :
Other physical details ill. ;
500 ## - GENERAL NOTE
General note "Adopted ... October 27, 2004 to supersede ACI 318-02 in accordance with the Institute's standardization procedure."--P. 1.
505 ## - FORMATTED CONTENTS NOTE
Formatted contents note Cover title.
526 ## - STUDY PROGRAM INFORMATION NOTE
Program name 0
Interest level 0
Reading level 0
Title point value 693_502187300000000
942 ## - ADDED ENTRY ELEMENTS (KOHA)
Source of classification or shelving scheme
Koha item type Book
Holdings
Withdrawn status Lost status Source of classification or shelving scheme Damaged status Not for loan Permanent Location Current Location Date acquired Total Checkouts Full call number Barcode Date last seen Date last checked out Price effective from Koha item type
          Military College of Engineering (MCE) Military College of Engineering (MCE) 10/19/2015 1 693.5021873 MCE-007 01/14/2016 10/19/2015 10/19/2015 Book
© 2023 Central Library, National University of Sciences and Technology. All Rights Reserved.